Music Quiz

Random Music or Lyrics Quiz

BTS Suga's rap in Born Singer Quiz Stats

 Plays Quiz not verified by Sporcle

Challenge
Share
Tweet
Embed
Score 0/169 Timer 20:00
1 Play Today
Hint Answer % Correct
I
89.9%
I
89.9%
I
89.9%
I
89.9%
I
89.9%
I
89.9%
I
89.9%
I
89.9%
I
89.9%
I
89.9%
a
86.8%
a
86.8%
rap
75.3%
The
74%
the
74%
the
74%
the
74%
the
74%
the
74%
the
74%
the
74%
the
74%
the
74%
you
71.4%
we
70.5%
we
70.5%
am
67%
sing
67%
I'm
65.6%
I'm
65.6%
I'm
65.6%
I'm
65.6%
and
64.3%
and
64.3%
and
64.3%
and
64.3%
and
64.3%
and
64.3%
and
64.3%
and
64.3%
to
63.9%
me
63.4%
me
63.4%
rapper
62.1%
in
62.1%
rapper
62.1%
In
62.1%
is
61.2%
on
60.4%
on
60.4%
my
60.4%
my
60.4%
on
60.4%
on
60.4%
my
60.4%
my
60.4%
are
59.5%
Hint Answer % Correct
****
58.1%
Bangtan
57.7%
so
57.7%
Go
57.3%
stage
56.8%
stage
56.8%
stage
56.8%
Still
55.9%
still
55.9%
still
55.9%
(What)
55.1%
first
54.6%
first
54.6%
of
54.6%
This
54.6%
name
54.2%
Daegu
54.2%
Damn
54.2%
your
53.7%
very
53.3%
how
52.9%
out
52.9%
can
52.4%
under
52%
with
50.2%
'pro'
49.8%
our
49.3%
3
49.3%
if
49.3%
3
49.3%
years
48.9%
from
48.9%
years
48.9%
But
48.5%
idol
48.5%
change
47.6%
change
47.6%
rapperman
47.6%
stood
47.1%
because
46.7%
Because
46.7%
same
46.7%
word
46.3%
'amateur'
46.3%
lyrics
46.3%
top
45.8%
say?
45.8%
tell
45.8%
ago
45.4%
Before
45.4%
before
45.4%
ago
45.4%
feel
44.9%
people
44.9%
debut
44.9%
write
44.9%
felt
44.5%
Hint Answer % Correct
about
44.5%
rapping
44.5%
back
44.5%
come
44.5%
who
44.5%
about
44.5%
them
44.5%
wrote
44.1%
did
44.1%
dancing
43.6%
work
43.6%
different
43.2%
home
43.2%
after
43.2%
pen
43.2%
eyes?
43.2%
revisit
42.7%
keep
42.7%
nothing
42.3%
even
42.3%
Living
42.3%
hold
42.3%
changed
42.3%
rural
41.4%
rhymes
41.4%
filled
41%
wanted
40.5%
hurts
40.5%
between
40.5%
between
40.5%
something
40.5%
such
40.1%
body
40.1%
rolling
40.1%
difference
40.1%
waiting
40.1%
room
40.1%
Without
40.1%
While
39.6%
lies
39.6%
notebook's
39.6%
withstand
39.2%
cheers
39.2%
essence
39.2%
alive
38.8%
tiresome
38.8%
trip
38.8%
watching
38.8%
performances
38.8%
since
38.8%
yet
38.3%
troubles
38.3%
badly
37.9%
boundary
37.4%
Unchanging
37.4%

You're not logged in!

Compare scores with friends on all Sporcle quizzes.
OR
Log In

You Might Also Like...

Show Comments

Extras

Top Quizzes Today


Score Distribution

Your Account Isn't Verified!

In order to create a playlist on Sporcle, you need to verify the email address you used during registration. Go to your Sporcle Settings to finish the process.

Report this User

Report this user for behavior that violates our Community Guidelines.

Details: